|
|
|
|
| LEADER |
01391nam a2200229 a 4500 |
| 001 |
00007582 |
| 008 |
110306s2000 bg a b 000 0 ben |
| 040 |
|
|
|a BD-DhAAL
|c BD-DhAAL
|
| 082 |
0 |
0 |
|a 301.2/95492
|2 22
|
| 245 |
0 |
0 |
|a সাম্প্রতিক নৃবিজ্ঞান /
|c সম্পাদনা এস এম নুরুল আলম, আইনুন নাহার, মানস চৌধুরী
|
| 260 |
|
|
|a ঢাকা :
|b জাহাঙ্গীরনগর বিশ্ববিদ্যালয়,
|c ২০০০
|
| 300 |
|
|
|a ১৬৮ পৃ. ;
|c ২০ সে.মি.
|
| 500 |
|
|
|a সাম্প্রতিক নৃবিজ্ঞান বিষয়ক দুই দিন ব্যাপী সেমিনারে উপস্থাপিত প্রবন্ধাবলী ৩ রা এবং ৪ ঠা জুলাই, ১৯৯৯
|
| 504 |
|
|
|a Includes bibliographical references.
|
| 541 |
|
|
|e 00007582
|
| 650 |
|
0 |
|a Anthropology
|z Bangladesh.
|
| 700 |
1 |
|
|a আলম, এস এম নুরুল
|
| 700 |
1 |
|
|a নাহার, আইনুন
|
| 700 |
1 |
|
|a চৌধুরী, মানস
|
| 852 |
4 |
|
|a Ayesha Abed Library
|j General shelf
|
| 999 |
|
|
|c 10544
|d 10544
|
| 952 |
|
|
|0 0
|1 4
|2 ddc
|4 0
|6 301_295492000000000_SHA
|7 0
|9 14701
|a BRACUL
|b BRACUL
|c GEN
|d 2011-03-16
|l 3
|m 1
|o 301.295492 SHA
|p 3010007582
|r 2012-12-10
|s 2012-12-02
|t 1
|w 2011-03-16
|y BK
|x Koha Inventory 2020
|